1638 1373 1178 1277 1824 1145 1139 1744 1354 1673 1508 1270 1516 1391 1890 1847 1522 1042 1400 1204 1048 1528 1806 1423 1493 1564 1676 1300 1225 1772 1491 1642 1838 1713 1003 1463 1267 1239 1262 1233 1758 1757 1632 1626 1748 1971 1015 1251 1296 1092 1881 1351 1546 1221 1252 1564 1250 1444 1378 1739 1468 1364 1322 1337 1579 1919 1985 1607 1860 1338 1281 1122 1223 1414 1636 1728 1863 1587 1707 1803 1353 1745 1991 1868 1180 1963 1108 1994 1651 1934 1561 1389 1754 1608 1900 1746 1132 1591 1844 BCNSPRNW ULIB Ver.6.0+V

เปลี่ยนเป็นภาษาไทย

Change to English
 แสดงรายละเอียดบรรณานุกรม
  กลับหน้าหลัก

Brief Record : Get Marc (ISO 2709) : E-mail record : QR code < ปิดหน้าต่าง
LEADER : 00000nam 2200000uu 4500
001    13399108014
003     ULIB
008    110215s2546||||th 000 0 tha d
020    9749626516
060  4 WY157.6^bค128ก 2546
110 1  กระทรวงสาธารณสุข.^bกรมการแพทย์.^bโรงพยาบาลเลิดสิน.
245 00 การพยาบาลผู้ป่วยทางออร์โธปิดิกส์/^cผู้รวบรวม สุพรรณพิมพ์ นิ่มสอาด
250    พิมพ์ครั้งที่ 1
260    กรุงเทพฯ:^bบริษัท ปาปิรุส พับลิเคชั่น จำกัด,^c2546
300    160 หน้า:^bภาพประกอบ
650  7 ออร์โธปิดิกส์
945    ^p0^l0^i015846
995    ทศพร
999 ^a ใช้งานได้ทุกระบบ
รายการนี้ยังไม่มีแท็ก
คุณยังไม่ได้ล็อกอิน คุณสามารถมีกิจกรรมร่วมกับเว็บไซต์ได้ แต่ต้องล็อกอินก่อน ::
  ล็อกอิน

รายการสื่อสารสนเทศ

ลำดับที่ ประเภท เลขเรียก/บาร์โค้ด สถานที่ สถานะ
- ไม่พบข้อมูล -

รายการใกล้เคียง
    หัวเรื่อง [ออร์โธปิดิกส์]

BibComment


ยังไม่เคยถูกคอมเมนท์

คอมเมนท์ทรัพยากรรายการนี้
  คอมเมนท์: การพยาบาลผู้ป่วยท..


 Copyright 2026. Bcnsprnw @Library